Pinciples and Practice of Auding. (Record no. 1555)

MARC details
005 - DATE AND TIME OF LATEST TRANSACTION
control field 20250417124750.0
020 ## - INTERNATIONAL STANDARD BOOK NUMBER
International Standard Book Number 304 29447 0
082 ## - DEWEY DECIMAL CLASSIFICATION NUMBER
Classification number 657.45 WIL
100 ## - MAIN ENTRY--PERSONAL NAME
Author name WILLIAMS, R. G.
245 ## - TITLE STATEMENT
Title Pinciples and Practice of Auding.
250 ## - EDITION STATEMENT
Edition statement 17th Ed
260 ## - PUBLICATION, DISTRIBUTION, ETC.
Place of publication, distribution, etc. London,
Name of publisher, distributor, etc. Cassell & Collier Macmillan,
Date of publication, distribution, etc. 1974.
300 ## - PHYSICAL DESCRIPTION
Extent Viii, 372p.: ill.;
Other physical details Index
Dimensions 22cm.
700 ## - ADDED ENTRY--PERSONAL NAME
Other authors/Editors MENDERS, B.
942 ## - ADDED ENTRY ELEMENTS (KOHA)
Source of classification or shelving scheme Dewey Decimal Classification
Koha item type Books
Holdings
Date last seen Total checkouts Full call number Barcode Cost, replacement price Price effective from Koha item type Lost status Source of classification or shelving scheme Damaged status Not for loan Withdrawn status Home library Current library Shelving location Date acquired Cost, normal purchase price
04/17/2025   657.45 WIL 0000006033 30000.00 04/17/2025 Books   Dewey Decimal Classification       College of Business Education Main Library College of Business Education Main Library General Collection 04/17/2025 10000.00
04/17/2025   657.45 WIL 0000006034 30000.00 04/17/2025 Books   Dewey Decimal Classification       College of Business Education Main Library College of Business Education Main Library General Collection 04/17/2025 10000.00